| 000 -LEADER |
| fixed length control field |
00707nam a22001817a 4500 |
| 005 - DATE AND TIME OF LATEST TRANSACTION |
| control field |
20250204121339.0 |
| 008 - FIXED-LENGTH DATA ELEMENTS--GENERAL INFORMATION |
| fixed length control field |
250204s2014 enk||||| |||| 00| 0 eng d |
| 020 ## - INTERNATIONAL STANDARD BOOK NUMBER |
| International Standard Book Number |
9780891333883x |
| 041 ## - LANGUAGE CODE |
| Language code of text/sound track or separate title |
eng |
| 080 ## - UNIVERSAL DECIMAL CLASSIFICATION NUMBER |
| Universal Decimal Classification number |
33 R-98 |
| 100 ## - MAIN ENTRY--PERSONAL NAME |
| Personal name |
Rypkema, Donovan D. |
| 9 (RLIN) |
24242 |
| 245 ## - TITLE STATEMENT |
| Title |
The Economics of Historic Preservation: |
| Remainder of title |
A Community Leader's Guide / |
| Statement of responsibility, etc. |
Donovan D. Rypkema. |
| 264 ## - PRODUCTION, PUBLICATION, DISTRIBUTION, MANUFACTURE, AND COPYRIGHT NOTICE |
| Place of production, publication, distribution, manufacture |
Lexington : |
| Name of producer, publisher, distributor, manufacturer |
PlaceEconomics, |
| Date of production, publication, distribution, manufacture, or copyright notice |
2014. |
| 300 ## - PHYSICAL DESCRIPTION |
| Extent |
120 p. : |
| Other physical details |
ill.; |
| Dimensions |
29 cm. |
| 653 ## - INDEX TERM--UNCONTROLLED |
| keyword |
ისტორიული გადარჩენის ეკონომიკა |
| 653 ## - INDEX TERM--UNCONTROLLED |
| keyword |
საზოგადოების ლიდერის გზამკვლევი |
| 942 ## - ADDED ENTRY ELEMENTS (KOHA) |
| Source of classification or shelving scheme |
|
| Koha item type |
წიგნი |